000 00384nam a2200157Ia 4500
008 210719s1962 xx 000 0 und d
041 _aeng
082 _a973 SMEA
100 _aSMELSER (Marshall)
245 _aAmerican History at a glance.
260 _aNew York.
_bBarnes & Noble
_c1962
300 _avii,280
_bPB
365 _cRs
650 _aAmerican History
906 _aUSA
999 _c213044
_d213044